000 00586nam a22001815i 4500
001 156734
003 ES-MaACL
005 20230906210501.0
008 990701s1899 fr |||| | fre d
040 _aGA
_bspa
_cCCPB | 3D
100 1 _aLa Poulaine, Jean de.
_9128524
245 1 3 _aLe colosse aux pieds d'argile
_b: étude sur l'Angleterre /
_cpar Jean de La Poulaine.
260 _aParis :
_bE. Plon, Nourrit et Cie.,
_c1899.
300 _aVIII, 291 p. ;
_c19 cm.
596 1 _aMarca de ed. en port.
752 _aFrancia -
_dParís
852 _aES-MaACL
_jD-5076
_z-- Enc. hol.
999 _c156734
_d156734